|
|
|
|
| LEADER |
00752nab a2200205 i 4500 |
| 001 |
acta15199 |
| 005 |
20210409081802.0 |
| 008 |
161015s1988 hu o 0|| eng d |
| 022 |
|
|
|a 0001-6969
|
| 040 |
|
|
|a SZTE Egyetemi Kiadványok Repozitórium
|b hun
|
| 041 |
|
|
|a eng
|
| 100 |
1 |
|
|a Haddock John R.
|
| 245 |
1 |
0 |
|a Comparison theorems and convergence properties for functional differential equations with infinite delay
|h [elektronikus dokumentum] /
|c Haddock John R.
|
| 260 |
|
|
|c 1988
|
| 300 |
|
|
|a 399-414
|
| 490 |
0 |
|
|a Acta scientiarum mathematicarum
|v 52 No. 3-4
|
| 695 |
|
|
|a Matematika
|
| 700 |
0 |
1 |
|a Krisztin Tibor
|e aut
|
| 700 |
0 |
1 |
|a Terjéki József
|e aut
|
| 856 |
4 |
0 |
|u http://acta.bibl.u-szeged.hu/15199/1/math_052_fasc_003_004_399-414.pdf
|z Dokumentum-elérés
|